| 000 | 00654nam a22002057a 4500 | ||
|---|---|---|---|
| 942 | _cBK | ||
| 999 |
_c635 _d635 |
||
| 005 | 20250420134819.0 | ||
| 008 | 200816b ||||| |||| 00| 0 eng d | ||
| 020 | _a9781107615250 | ||
| 040 | _cKCST | ||
| 082 |
_a428.24 _bSo Un |
||
| 100 |
_aSowton, Chris _95143 |
||
| 245 |
_aUnlock: _bReading & writing skills. Level 4: Student's book with online workbook / _cChris Sowton |
||
| 260 |
_aCambridge : _bCambridge University Press, _c2014. |
||
| 300 | _a207 p. | ||
| 440 |
_aCambridge Discovery Education. _95144 |
||
| 650 |
_aEnglish language _vTextbooks for foreign speakers. _94734 |
||
| 650 |
_aEnglish language. _92090 |
||
| 942 | _2ddc | ||